000 00346nam a22001337a 4500
008 250411b |||||||| |||| 00| 0 eng d
020 _a058244568
050 _aHD69
_b.B76
100 _aBROOK Z. Michael
245 _aThe Strategy of Multinational Enterprise
260 _aGreat Britain
_bLongman Group
_c1970
300 _avii, 389p.
942 _cBK
999 _c2948
_d2948